| 000 | 00964nam a22002175i 4500 | ||
|---|---|---|---|
| 001 | 162094 | ||
| 003 | ES-MaACL | ||
| 005 | 20250808230412.0 | ||
| 008 | 041102s1885 sp |||| | spa d | ||
| 040 |
_aCAM _bspa _cCAM |
||
| 100 | 1 |
_aPiculo Español, Tomás. _9131139 |
|
| 245 | 1 | 0 |
_aProyecto de constitución de reorganización general de ley del estado español político, económico y administrativo de la Monarquía española / _cpor Tomás Piculo y Español. |
| 250 | _a2ª ed. | ||
| 260 |
_aValencia : _b[s.n.], _c1885 ( _fImprenta y librería de Ramón Ortega) |
||
| 300 |
_a31 p. ; _c17 cm. |
||
| 650 | 4 |
_aMonarquía- _zEspaña. _915144 |
|
| 650 | 4 |
_aDerecho constitucional- _zEspaña _911682 |
|
| 852 |
_aES-MaACL _jT-415-F-13 _z-- Enc. hol. _q-- Falto de la cub. original _z-- Enc. en un vol. facticio |
||
| 852 |
_aES-MaACL _jT-414-F-10 _z-- Enc. hol. _q-- Falto de la cub. original _z-- Enc. en un vol. facticio |
||
| 999 |
_c162094 _d162094 |
||